Normal view
MARC view
- Chin-Hui Lee
Entry Personal Name
001 - CONTROL NUMBER
- control field: 106578
003 - CONTROL NUMBER IDENTIFIER
- control field: NUST
005 - DATE AND TIME OF LATEST TRANSACTION
- control field: 20221231154925.0
008 - FIXED-LENGTH DATA ELEMENTS
- fixed length control field: 221231|| aca||aabn | a|a d
040 ## - CATALOGING SOURCE
- Original cataloging agency: NUST
- Transcribing agency: NUST
100 ## - HEADING--PERSONAL NAME
- Personal name: Chin-Hui Lee
670 ## - SOURCE DATA FOUND
- Source citation: Work cat.: (NUST)194277: Chin-Hui Lee, Automatic Speech and Speaker Recognition , 1996.
